[Event "EU-ch blitz"]
[Site "Katowice"]
[Date "2017.12.15"]
[Round "4"]
[White "Morkisz, Bogdan"]
[Black "Heberla, Bartlomiej"]
[Result "0-1"]
[WhiteElo "2023"]
[BlackElo "2555"]
[PlyCount "107"]
[EventDate "2017.12.15"]
[EventType "swiss (blitz)"]
[EventRounds "22"]
[EventCountry "POL"]
[SourceTitle "CBM 182 Extra"]
[Source "ChessBase"]
[SourceDate "2018.02.23"]
[SourceVersion "1"]
[SourceVersionDate "2018.02.23"]
[SourceQuality "1"]

1. e4 c5 2. Nc3 g6 3. g3 Bg7 4. Bg2 Nc6 5. d3 d6 6. Be3 Nf6 7. h3 0-0 8. Qd2 Nd4 9. Nd1 e5 10. c3 Nc6 11. Bh6 d5 12. Bxg7 Kxg7 13. f3 b6 14. Ne2 Ba6 15. Nf2 Qd7 16. 0-0 Rad8 17. Rad1 Qe7 18. Qc2 c4 19. d4 dxe4 20. Nxe4 Nd5 21. Qc1 f5 22. Nf2 Rfe8 23. dxe5 Nxe5 24. f4 Nd3 25. Nxd3 cxd3 26. Nd4 d2 27. Qxd2 Bxf1 28. Rxf1 Qe3+ 29. Qxe3 Nxe3 30. Rf2 Nxg2 31. Kxg2 Kf6 32. Kf3 Rd6 33. Rd2 h6 34. g4 Rd7 35. Rd3 fxg4+ 36. hxg4 h5 37. g5+ Kf7 38. Rd2 Rde7 39. Rd3 Re1 40. Nc6 Rf1+ 41. Kg3 h4+ 42. Kg4 Rg1+ 43. Kh3 Rh1+ 44. Kg4 Re2 45. Ne5+ Ke6 46. Nxg6 Rg2+ 47. Kf3 Rg3+ 48. Ke4 Re1+ 49. Kd4 Rxd3+ 50. Kxd3 h3 51. Kd2 h2 52. Kxe1 h1Q+ 53. Kf2 Qe4 54. Nf8+ 0-1

[Event "Slask-ch Bak Memorial"]
[Site "Chorzow"]
[Date "2016.09.19"]
[Round "5"]
[White "Morkisz, Bogdan"]
[Black "Klementys, Jerzy"]
[Result "1-0"]
[WhiteElo "2020"]
[BlackElo "1667"]
[PlyCount "58"]
[EventDate "2016.09.17"]
[EventType "swiss"]
[EventRounds "9"]
[EventCountry "POL"]
[SourceTitle "EXT 2018"]
[Source "ChessBase"]
[SourceDate "2017.10.13"]
[SourceVersion "1"]
[SourceVersionDate "2017.10.13"]
[SourceQuality "1"]

1. e4 c5 2. Nc3 Nc6 3. g3 e5 4. Bg2 d6 5. d3 Nf6 6. h3 Bd7 7. Nge2 Be7 8. 0-0 Rb8 9. g4 h6 10. f4 b5 11. Ng3 Nd4 12. Nd5 b4 13. Be3 a5 14. c3 Nc6 15. f5 Na7 16. c4 Nc6 17. h4 Nd4 18. Nxe7 Qxe7 19. g5 hxg5 20. hxg5 Ng8 21. Rf2 f6 22. Qd2 a4 23. Bxd4 exd4 24. Rf4 Kd8 25. Rg4 Kc7 26. Ne2 Qe5 27. Nf4 Ne7 28. gxf6 Qxf6 29. Bf1 Kb7 1-0

[Event "POL-chT 2nd League"]
[Site "Szczyrk"]
[Date "2014.09.14"]
[Round "9.4"]
[White "Morkisz, Bogdan"]
[Black "Bronowicki, Mateusz"]
[Result "0-1"]
[WhiteElo "2123"]
[BlackElo "2325"]
[PlyCount "124"]
[EventDate "2014.09.06"]
[EventType "team-swiss"]
[EventRounds "9"]
[EventCountry "POL"]
[SourceTitle "EXT 2015"]
[Source "ChessBase"]
[SourceDate "2014.11.20"]
[SourceVersion "1"]
[SourceVersionDate "2014.11.20"]
[SourceQuality "1"]
[WhiteTeam "Dabrowa Gornicza Zaglebie"]
[BlackTeam "Wisznia Mala OKSiR"]
[WhiteTeamCountry "POL"]
[BlackTeamCountry "POL"]

1. e4 g6 2. Nc3 Bg7 3. g3 c5 4. Bg2 Nc6 5. d3 d6 6. Be3 Rb8 7. Qd2 b5 8. h3 b4 9. Nd1 e5 10. Ne2 Nd4 11. Nc1 Ne7 12. c3 Ne6 13. Bh6 0-0 14. 0-0 bxc3 15. bxc3 f5 16. Bxg7 Kxg7 17. f4 exf4 18. gxf4 d5 19. e5 d4 20. c4 g5 21. fxg5 Ng6 22. Nb3 Bb7 23. Bxb7 Rxb7 24. Qg2 Rc7 25. Nb2 Nef4 26. Qh2 Qxg5+ 27. Kh1 Kh8 28. Rae1 Nh5 29. Rg1 Qd8 30. Qg2 Nh4 31. Qd5 Rd7 32. Qc6 Rc7 33. Qd5 Nf4 34. Qxd8 Rxd8 35. Rg3 Ne6 36. Na4 Rb8 37. Reg1 f4 38. Rg4 Nf3 39. Rd1 Nxe5 40. Rh4 Rb4 41. Rh6 Ng6 42. Re1 Rc6 43. Rxe6 Rxe6 44. Naxc5 Re2 45. a4 Re5 46. Kg2 Kg7 47. Rxg6+ hxg6 48. Nxd4 g5 49. Kf3 Kg6 50. Ne4 Rxa4 51. Nc6 Re8 52. h4 gxh4 53. Kxf4 h3 54. Kg3 Ra3 55. Nf2 Re3+ 56. Kf4 Re6 57. Nd4 Rf6+ 58. Kg3 Rxf2 59. Kxf2 Rxd3 60. Nc6 Ra3 61. c5 Kf5 62. Nb4 Kg4 0-1

[Event "POL-chT 2nd League"]
[Site "Szczyrk"]
[Date "2014.09.10"]
[Round "5.45"]
[White "Bednarczyk, Damian"]
[Black "Morkisz, Bogdan"]
[Result "1-0"]
[WhiteElo "2073"]
[BlackElo "2123"]
[PlyCount "65"]
[EventDate "2014.09.06"]
[EventType "team-swiss"]
[EventRounds "9"]
[EventCountry "POL"]
[SourceTitle "EXT 2015"]
[Source "ChessBase"]
[SourceDate "2014.11.20"]
[SourceVersion "1"]
[SourceVersionDate "2014.11.20"]
[SourceQuality "1"]
[WhiteTeam "Wieliczka MKS MOS"]
[BlackTeam "Dabrowa Gornicza Zaglebie"]
[WhiteTeamCountry "POL"]
[BlackTeamCountry "POL"]

1. d4 f5 2. c4 Nf6 3. Nf3 g6 4. g3 Bg7 5. Bg2 0-0 6. 0-0 d6 7. Nc3 Nc6 8. d5 Ne5 9. Nxe5 dxe5 10. c5 Kh8 11. Qb3 a6 12. Rd1 Qe8 13. Bd2 h6 14. Na4 Bd7 15. c6 bxc6 16. dxc6 Bxc6 17. Bxc6 Qxc6 18. Rac1 Qe4 19. Rxc7 Qxe2 20. Nc3 Qh5 21. Rxe7 Ng4 22. h4 Bf6 23. Rd7 Bxh4 24. gxh4 Qxh4 25. Be1 Rab8 26. Qa3 f4 27. Qe7 Qh2+ 28. Kf1 Ne3+ 29. Ke2 Qh5+ 30. f3 Qh2+ 31. Bf2 Rxb2+ 32. Kd3 e4+ 33. Nxe4 1-0

[Event "POL-chT 2nd League"]
[Site "Lazy"]
[Date "2012.09.09"]
[Round "9"]
[White "Morkisz, Bogdan"]
[Black "Skrzypczak, Michal"]
[Result "1-0"]
[WhiteElo "2119"]
[BlackElo "1990"]
[PlyCount "45"]
[EventDate "2012.09.01"]
[EventType "team-swiss"]
[EventRounds "9"]
[EventCountry "POL"]
[SourceTitle "EXT 2019"]
[Source "ChessBase"]
[SourceDate "2018.10.10"]
[SourceVersion "1"]
[SourceVersionDate "2018.10.10"]
[SourceQuality "1"]
[WhiteTeam "Dors"]
[BlackTeam "Srem LKS Piast"]
[WhiteTeamCountry "POL"]
[BlackTeamCountry "POL"]

1. e4 c5 2. Nc3 Nc6 3. g3 g6 4. Bg2 Bg7 5. d3 d6 6. Be3 Nf6 7. h3 a6 8. Qd2 h5 9. Nge2 Bd7 10. 0-0 Qc8 11. Kh2 h4 12. g4 Bxg4 13. hxg4 h3 14. Bf3 Ne5 15. Ng1 Nxf3+ 16. Nxf3 Qxg4 17. Ne1 Nh5 18. Qe2 Be5+ 19. Kh1 Qh4 20. Nf3 Qg4 21. Rg1 Qe6 22. Nd5 0-0-0 23. Ng5 1-0

[Event "POL-chT 2nd League"]
[Site "Lazy"]
[Date "2012.09.01"]
[Round "1"]
[White "Polok, Kacper"]
[Black "Morkisz, Bogdan"]
[Result "1-0"]
[WhiteElo "2146"]
[BlackElo "2119"]
[PlyCount "53"]
[EventDate "2012.09.01"]
[EventType "team-swiss"]
[EventRounds "9"]
[EventCountry "POL"]
[SourceTitle "EXT 2019"]
[Source "ChessBase"]
[SourceDate "2018.10.10"]
[SourceVersion "1"]
[SourceVersionDate "2018.10.10"]
[SourceQuality "1"]
[WhiteTeam "Raciborz Silesia"]
[BlackTeam "Dors"]
[WhiteTeamCountry "POL"]
[BlackTeamCountry "POL"]

1. e4 e6 2. d3 d5 3. Nd2 Nf6 4. Ngf3 c5 5. g3 Nc6 6. Bg2 Be7 7. 0-0 Qc7 8. Re1 b6 9. e5 Nd7 10. c4 d4 11. Ne4 Bb7 12. Bf4 h6 13. h4 0-0-0 14. a3 Rdg8 15. b4 g5 16. hxg5 hxg5 17. Bxg5 Ndxe5 18. Nxe5 Nxe5 19. Bf4 f6 20. bxc5 Bxc5 21. Nxf6 Bxg2 22. Kxg2 Qb7+ 23. Re4 Nxc4 24. Nxg8 Rxg8 25. Qb3 b5 26. Rae1 Rg6 27. dxc4 1-0

[Event "POL-chT3 Slaskie"]
[Site "Poland"]
[Date "2008.05.10"]
[Round "8.91"]
[White "Morkisz, Bogdan"]
[Black "Miszczak, Dariusz"]
[Result "1-0"]
[WhiteElo "2132"]
[BlackElo "2120"]
[PlyCount "55"]
[EventDate "2008.02.03"]
[EventType "team-swiss"]
[EventRounds "9"]
[EventCountry "POL"]
[SourceTitle "EXT 2019"]
[Source "ChessBase"]
[SourceDate "2018.10.10"]
[SourceVersion "1"]
[SourceVersionDate "2018.10.10"]
[SourceQuality "1"]

1. e4 c5 2. Nc3 Nc6 3. g3 g6 4. d3 Bg7 5. Bg2 e6 6. Be3 d6 7. Qd2 Bd7 8. Nge2 Nd4 9. Nc1 Ne7 10. Nd1 Rc8 11. c3 Ndc6 12. Bh6 Bxh6 13. Qxh6 Ng8 14. Qd2 h5 15. h3 Nge7 16. Ne3 0-0 17. 0-0 Kh7 18. Ne2 e5 19. f4 f5 20. Rf2 b5 21. Raf1 Be6 22. g4 Rg8 23. Kh1 hxg4 24. hxg4 fxg4 25. f5 gxf5 26. exf5 Bf7 27. f6 Ng6 28. Bxc6 1-0

[Event "Chorzow op"]
[Site "Chorzow"]
[Date "2008.04.01"]
[Round "6"]
[White "Morkisz, Bogdan"]
[Black "Widera, Jan"]
[Result "0-1"]
[WhiteElo "2132"]
[BlackElo "2109"]
[PlyCount "96"]
[EventDate "2008.03.29"]
[EventType "swiss"]
[EventRounds "9"]
[EventCountry "POL"]
[SourceTitle "EXT 2010"]
[Source "ChessBase"]
[SourceDate "2010.11.25"]
[SourceVersion "1"]
[SourceVersionDate "2010.11.25"]
[SourceQuality "1"]

1. e4 c5 2. Nc3 e6 3. g3 d5 4. d3 dxe4 5. Nxe4 Nf6 6. Be3 Nd5 7. Bd2 Be7 8. Bg2 Nd7 9. Ne2 N7f6 10. 0-0 0-0 11. h3 Bd7 12. g4 Bc6 13. N2g3 Qb6 14. c4 Nb4 15. Bc3 Nxe4 16. dxe4 Rad8 17. Qe2 f6 18. f4 Be8 19. e5 fxe5 20. f5 Bf7 21. Bxe5 Nd3 22. Bc3 e5 23. b3 Bf6 24. Ne4 Nf4 25. Rxf4 exf4 26. Nxf6+ gxf6 27. g5 fxg5 28. Qe5 Rd4 29. f6 h6 30. Qf5 Qe6 31. Qxe6 Bxe6 32. Bxd4 cxd4 33. Bxb7 Rb8 34. Bf3 a5 35. Rd1 a4 36. Rxd4 axb3 37. axb3 Rxb3 38. Bh5 Rb8 39. Bg6 Rf8 40. Kg2 Rxf6 41. Be4 Bf7 42. c5 Be8 43. Kf2 Kf7 44. Bf3 Ke7 45. h4 Bd7 46. hxg5 hxg5 47. Rd5 g4 48. Be4 Ra6 0-1

[Event "Chorzow op"]
[Site "Chorzow"]
[Date "2008.03.29"]
[Round "1"]
[White "Santura, Janusz"]
[Black "Morkisz, Bogdan"]
[Result "0-1"]
[WhiteElo "1817"]
[BlackElo "2132"]
[PlyCount "72"]
[EventDate "2008.03.29"]
[EventType "swiss"]
[EventRounds "9"]
[EventCountry "POL"]
[SourceTitle "EXT 2010"]
[Source "ChessBase"]
[SourceDate "2010.11.25"]
[SourceVersion "1"]
[SourceVersionDate "2010.11.25"]
[SourceQuality "1"]

1. d4 Nf6 2. Nf3 e6 3. Bg5 d5 4. c4 c6 5. Nc3 Nbd7 6. e3 Qa5 7. Nd2 Bb4 8. Qc2 0-0 9. Bh4 Re8 10. Bd3 Qc7 11. 0-0 Bd6 12. Nf3 a6 13. cxd5 exd5 14. Rac1 h6 15. Rfe1 g5 16. Bg3 Bxg3 17. hxg3 Qd6 18. a3 c5 19. dxc5 Qxc5 20. Red1 Ne5 21. Nxd5 Qxd5 22. Bh7+ Kg7 23. Rxd5 Nxd5 24. Nxe5 Rxe5 25. Be4 Nf6 26. Bf3 Bf5 27. Qc7 Rb5 28. Qe7 Re8 29. Qd6 g4 30. Be2 Rxb2 31. Qd1 Re7 32. a4 Rd7 33. Qe1 Rdd2 34. Bf1 Ne4 35. f3 gxf3 36. gxf3 Ng5 0-1

[Event "POL-chT3 Slaskie"]
[Site "Poland"]
[Date "2008.02.03"]
[Round "2.7"]
[White "Morkisz, Bogdan"]
[Black "Szopka, Dariusz"]
[Result "1/2-1/2"]
[WhiteElo "2132"]
[BlackElo "2212"]
[PlyCount "27"]
[EventDate "2008.02.03"]
[EventType "team-swiss"]
[EventRounds "9"]
[EventCountry "POL"]
[SourceTitle "EXT 2019"]
[Source "ChessBase"]
[SourceDate "2018.10.10"]
[SourceVersion "1"]
[SourceVersionDate "2018.10.10"]
[SourceQuality "1"]

1. e4 g6 2. Nc3 Bg7 3. g3 c5 4. Bg2 d6 5. d3 Nc6 6. Be3 e5 7. Qd2 Nd4 8. Nd1 Ne7 9. c3 Ndc6 10. Bh6 0-0 11. h4 f6 12. Bxg7 Kxg7 13. Ne3 Be6 14. Nd5 1/2-1/2

[Event "Chorzow op"]
[Site "Chorzow"]
[Date "2007.03.30"]
[Round "9"]
[White "Morkisz, Bogdan"]
[Black "Mulet, Piotr"]
[Result "0-1"]
[WhiteElo "2126"]
[BlackElo "2264"]
[PlyCount "56"]
[EventDate "2007.03.24"]
[EventType "swiss"]
[EventRounds "9"]
[EventCountry "POL"]
[SourceTitle "EXT 2011"]
[Source "ChessBase"]
[SourceDate "2010.11.26"]
[SourceVersion "1"]
[SourceVersionDate "2010.11.26"]
[SourceQuality "1"]

1. e4 d5 2. exd5 Qxd5 3. Nc3 Qd6 4. d4 Nf6 5. g3 Bg4 6. f3 Bf5 7. Nge2 h5 8. Bf4 Qd7 9. d5 a6 10. Nd4 c6 11. Bxb8 Rxb8 12. dxc6 bxc6 13. Bxa6 Bh3 14. Kf2 e6 15. Na4 Qa7 16. Qd3 Rb4 17. Bc4 Rxa4 18. b3 Ra5 19. Ke2 Re5+ 20. Kd1 Qc7 21. a4 Bf5 22. Qd2 Bc5 23. Nxc6 0-0 24. Nxe5 Qxe5 25. Rb1 Be3 26. Re1 Ng4 27. f4 Qe4 28. Bd3 Qf3+ 0-1

[Event "Chorzow op"]
[Site "Chorzow"]
[Date "2007.03.28"]
[Round "8"]
[White "Klementys, Jerzy"]
[Black "Morkisz, Bogdan"]
[Result "0-1"]
[WhiteElo "1954"]
[BlackElo "2126"]
[PlyCount "34"]
[EventDate "2007.03.24"]
[EventType "swiss"]
[EventRounds "9"]
[EventCountry "POL"]
[SourceTitle "EXT 2011"]
[Source "ChessBase"]
[SourceDate "2010.11.26"]
[SourceVersion "1"]
[SourceVersionDate "2010.11.26"]
[SourceQuality "1"]

1. d4 Nf6 2. c4 e5 3. dxe5 Ng4 4. Nf3 Nc6 5. Bf4 Bc5 6. e3 f6 7. exf6 Qxf6 8. Qc2 0-0 9. h3 Nb4 10. Qd2 Nxf2 11. Qxf2 g5 12. Bxg5 Qg6 13. Na3 Nxa2 14. Qc2 Qc6 15. Rxa2 Rxf3 16. gxf3 Qxf3 17. Qg2 Bb4+ 0-1

[Event "Chorzow op"]
[Site "Chorzow"]
[Date "2007.03.28"]
[Round "7"]
[White "Morkisz, Bogdan"]
[Black "Sroka, Janusz"]
[Result "0-1"]
[WhiteElo "2126"]
[BlackElo "2110"]
[PlyCount "100"]
[EventDate "2007.03.24"]
[EventType "swiss"]
[EventRounds "9"]
[EventCountry "POL"]
[SourceTitle "EXT 2011"]
[Source "ChessBase"]
[SourceDate "2010.11.26"]
[SourceVersion "1"]
[SourceVersionDate "2010.11.26"]
[SourceQuality "1"]

1. e4 e5 2. Nf3 d6 3. d4 exd4 4. Nxd4 Nf6 5. Nc3 Be7 6. Be2 0-0 7. Be3 c6 8. 0-0 Re8 9. f3 Bf8 10. Qd2 Nbd7 11. Rad1 Ne5 12. Qe1 Ng6 13. Qf2 Qc7 14. g4 h6 15. Nf5 b5 16. Qg3 b4 17. Na4 Qa5 18. b3 d5 19. Bd4 Nh7 20. e5 c5 21. Bb2 d4 22. f4 Ba6 23. Bxa6 Qxa6 24. h4 Qc8 25. Rde1 Qd7 26. h5 Nh8 27. Bc1 g6 28. Nh4 Rad8 29. Nb2 Bg7 30. f5 g5 31. Nf3 Qc7 32. Re4 Nf6 33. Re2 Nd7 34. Rfe1 f6 35. Nc4 Nxe5 36. Ncxe5 fxe5 37. Bxg5 hxg5 38. Nxg5 Nf7 39. Ne4 Nd6 40. Nxd6 Qxd6 41. g5 Kh8 42. Re4 Bh6 43. Rg4 Rg8 44. Ree4 Bxg5 45. Qf3 Be3+ 46. Kf1 Qa6+ 47. Ke1 Qxa2 48. Qd1 Rxg4 49. Rxg4 d3 50. Rg2 d2+ 0-1

[Event "Chorzow op"]
[Site "Chorzow"]
[Date "2007.03.27"]
[Round "6"]
[White "Widera, Jan"]
[Black "Morkisz, Bogdan"]
[Result "0-1"]
[WhiteElo "2154"]
[BlackElo "2126"]
[PlyCount "68"]
[EventDate "2007.03.24"]
[EventType "swiss"]
[EventRounds "9"]
[EventCountry "POL"]
[SourceTitle "EXT 2011"]
[Source "ChessBase"]
[SourceDate "2010.11.26"]
[SourceVersion "1"]
[SourceVersionDate "2010.11.26"]
[SourceQuality "1"]

1. c4 e5 2. Nc3 Nc6 3. g3 g6 4. Bg2 Bg7 5. e3 d6 6. Nge2 Be6 7. d3 Qd7 8. Rb1 Bh3 9. 0-0 h5 10. Bxh3 Qxh3 11. f3 Qd7 12. h4 Nge7 13. e4 f5 14. Kg2 0-0 15. Nd5 Nd8 16. Bg5 Nec6 17. Qa4 Ne6 18. Bd2 Rf7 19. Ng1 Raf8 20. Nh3 fxe4 21. dxe4 Rxf3 22. Rxf3 Rxf3 23. Qb5 Ned4 24. Qxb7 Qg4 25. Bf4 Rxf4 26. Ndxf4 exf4 27. Qa8+ Bf8 28. Nxf4 Qf3+ 29. Kh3 Ne7 30. Qe8 g5 31. hxg5 Qg4+ 32. Kg2 h4 33. Rf1 Qxg3+ 34. Kh1 Nf3 0-1

[Event "Chorzow op"]
[Site "Chorzow"]
[Date "2007.03.26"]
[Round "5"]
[White "Morkisz, Bogdan"]
[Black "Aliavdin, Nikolai"]
[Result "0-1"]
[WhiteElo "2126"]
[BlackElo "2373"]
[PlyCount "55"]
[EventDate "2007.03.24"]
[EventType "swiss"]
[EventRounds "9"]
[EventCountry "POL"]
[SourceTitle "EXT 2011"]
[Source "ChessBase"]
[SourceDate "2010.11.26"]
[SourceVersion "1"]
[SourceVersionDate "2010.11.26"]
[SourceQuality "1"]

1. e4 d5 2. Nf3 dxe4 3. Ng5 Nf6 4. Nc3 Bg4 5. Be2 Bf5 6. Bc4 e6 7. f3 e3 8. Qe2 h6 9. Nge4 Bxe4 10. fxe4 exd2+ 11. Bxd2 c6 12. 0-0-0 Nbd7 13. Rhf1 Bd6 14. Bxh6 Rxh6 15. Rxd6 Qa5 16. h3 0-0-0 17. Rfd1 Rhh8 18. Qe3 Ne5 19. Bb3 Rxd6 20. Rxd6 Qb6 21. Qg5 Qc5 22. Qd2 Qg1+ 23. Qd1 Qxg2 24. Qd4 Qf1+ 25. Nd1 Qf4+ 26. Kb1 Nf3 27. Qb4 Nxe4 28. Rd3 0-1

[Event "Chorzow op"]
[Site "Chorzow"]
[Date "2007.03.24"]
[Round "2"]
[White "Morkisz, Bogdan"]
[Black "Marek, Eugeniusz"]
[Result "1-0"]
[WhiteElo "2126"]
[BlackElo "1947"]
[PlyCount "87"]
[EventDate "2007.03.24"]
[EventType "swiss"]
[EventRounds "9"]
[EventCountry "POL"]
[SourceTitle "EXT 2011"]
[Source "ChessBase"]
[SourceDate "2010.11.26"]
[SourceVersion "1"]
[SourceVersionDate "2010.11.26"]
[SourceQuality "1"]

1. e4 c6 2. d4 d5 3. e5 Bf5 4. h4 h5 5. Ne2 Bg4 6. Qd3 Nh6 7. Ng3 g6 8. Nc3 Na6 9. a3 Nf5 10. Nge2 Ng7 11. Nf4 Bf5 12. Qd1 Nc7 13. Be3 Qc8 14. Qd2 Bd7 15. Nh3 Nf5 16. Bg5 Ne6 17. Ne2 Qc7 18. Nhf4 Nxg5 19. hxg5 Ng7 20. Nc3 Bf5 21. Nfxd5 cxd5 22. Nxd5 Qc8 23. c4 Ne6 24. Rd1 Nc7 25. Nf4 Bg7 26. Be2 0-0 27. Qe3 Rd8 28. f3 a6 29. Rh4 f6 30. gxf6 exf6 31. g4 g5 32. gxf5 gxh4 33. e6 Bh6 34. Qg1+ Bg5 35. Nxh5 Nxe6 36. Nxf6+ Kf7 37. Ne4 Ng7 38. Nxg5+ Kf8 39. Nh7+ Kg8 40. f6 Rd7 41. Ng5 Nf5 42. Qg4 Ne3 43. Qe6+ Kh8 44. Qxe3 1-0

[Event "Chorzow op"]
[Site "Chorzow"]
[Date "2007.03.24"]
[Round "3"]
[White "Orzech, Dominik"]
[Black "Morkisz, Bogdan"]
[Result "1-0"]
[WhiteElo "2300"]
[BlackElo "2126"]
[PlyCount "112"]
[EventDate "2007.03.24"]
[EventType "swiss"]
[EventRounds "9"]
[EventCountry "POL"]
[SourceTitle "EXT 2011"]
[Source "ChessBase"]
[SourceDate "2010.11.26"]
[SourceVersion "1"]
[SourceVersionDate "2010.11.26"]
[SourceQuality "1"]

1. Nf3 Nf6 2. c4 c6 3. Nc3 d5 4. d4 e6 5. cxd5 exd5 6. Bg5 Be7 7. Qc2 0-0 8. e3 Nbd7 9. Bd3 Re8 10. 0-0 Nf8 11. h3 Ne6 12. Bxf6 Bxf6 13. Bxh7+ Kh8 14. Bd3 g6 15. b4 Kg7 16. Ne5 Bxe5 17. dxe5 Nf8 18. Qb2 Rxe5 19. f4 Re8 20. f5 f6 21. fxg6 Rxe3 22. Rad1 Qe7 23. Qf2 Bd7 24. Ne2 Qe5 25. Nf4 f5 26. Qh4 Qe7 27. Qh5 Re8 28. Bxf5 Re5 29. Bxd7 Qxd7 30. Qh4 Qe7 31. Nh5+ Kh6 32. Nf6+ Kxg6 33. Qg3+ Rg5 34. Qd3+ Kg7 35. Nxe8+ Qxe8 36. Rde1 Ne6 37. Qc3+ d4 38. Qxd4+ Nxd4 39. Rxe8 Rb5 40. a3 a5 41. Re4 Nc2 42. bxa5 c5 43. Re7+ Kg6 44. Re6+ Kg5 45. a6 bxa6 46. Rxa6 c4 47. Ra4 Ne3 48. Rf3 Rb1+ 49. Kh2 Re1 50. Ra5+ Kg6 51. Rc5 Re2 52. Rg3+ Kf6 53. Kg1 Ke6 54. a4 Nf5 55. Rg6+ Kf7 56. Rb6 Re4 1-0

[Event "Chorzow op"]
[Site "Chorzow"]
[Date "2007.03.24"]
[Round "1"]
[White "Pietrucha, Jaroslaw"]
[Black "Morkisz, Bogdan"]
[Result "0-1"]
[WhiteElo "1793"]
[BlackElo "2126"]
[PlyCount "34"]
[EventDate "2007.03.24"]
[EventType "swiss"]
[EventRounds "9"]
[EventCountry "POL"]
[SourceTitle "EXT 2011"]
[Source "ChessBase"]
[SourceDate "2010.11.26"]
[SourceVersion "1"]
[SourceVersionDate "2010.11.26"]
[SourceQuality "1"]

1. e4 e6 2. d4 d5 3. exd5 exd5 4. Nf3 Bd6 5. Be2 Nc6 6. Be3 Nge7 7. c3 Bf5 8. Bd3 Qd7 9. Qc2 0-0 10. Nbd2 Rfe8 11. 0-0-0 b5 12. a3 a5 13. Rde1 b4 14. a4 bxc3 15. Qxc3 Nb4 16. Bxf5 Na2+ 17. Kc2 Qxf5+ 0-1

[Event "POL-chT3 Liga Slaska"]
[Site "Poland"]
[Date "2007.03.18"]
[Round "5"]
[White "Stanisz, Patryk"]
[Black "Morkisz, Bogdan"]
[Result "1-0"]
[WhiteElo "2178"]
[BlackElo "2126"]
[PlyCount "127"]
[EventDate "2007.01.28"]
[EventType "team-swiss"]
[EventRounds "9"]
[EventCountry "POL"]
[SourceTitle "EXT 2011"]
[Source "ChessBase"]
[SourceDate "2010.11.26"]
[SourceVersion "1"]
[SourceVersionDate "2010.11.26"]
[SourceQuality "1"]
[WhiteTeam "Mikolow AKS"]
[BlackTeam "Dabrowa Gornicza Zaglebie"]
[WhiteTeamCountry "POL"]
[BlackTeamCountry "POL"]

1. d4 Nf6 2. c4 e5 3. dxe5 Ng4 4. e3 Nxe5 5. Nh3 Bb4+ 6. Bd2 Bxd2+ 7. Qxd2 d6 8. Nf4 0-0 9. Be2 Nbd7 10. Nc3 Nc5 11. 0-0 a5 12. Rad1 Be6 13. b3 Re8 14. Nfd5 Bxd5 15. Nxd5 Ne4 16. Qc2 Nf6 17. c5 Nxd5 18. Rxd5 Nc6 19. Rd2 Nb4 20. Qc3 d5 21. a3 Na6 22. Bf3 c6 23. e4 Nc7 24. exd5 cxd5 25. Rfd1 Qe7 26. Re2 Qd7 27. Rxe8+ Rxe8 28. Qxa5 d4 29. h3 Ne6 30. Qb6 Qe7 31. b4 Nd8 32. Qd6 Qxd6 33. cxd6 Ne6 34. Bg4 Rd8 35. Bxe6 fxe6 36. Rxd4 b5 37. f4 Kf7 38. Kf2 Kf6 39. Ke3 e5 40. Rd5 exf4+ 41. Kxf4 h6 42. Rxb5 Rxd6 43. Ra5 Rd2 44. Ra6+ Ke7 45. g3 Rf2+ 46. Kg4 Rc2 47. h4 Rc4+ 48. Kf5 Rc3 49. g4 Rh3 50. Ra7+ Kf8 51. b5 Rf3+ 52. Ke4 Rb3 53. a4 Rb4+ 54. Kf5 g6+ 55. Kxg6 Rxg4+ 56. Kf6 Rf4+ 57. Ke6 Rb4 58. Kd6 Ke8 59. Kc5 Rxh4 60. a5 Kd8 61. Rh7 Rh2 62. a6 Kc8 63. a7 Ra2 64. Kb6 1-0

[Event "Polanica Zdroj op-A 42nd"]
[Site "Polanica Zdroj"]
[Date "2006.08.22"]
[Round "3"]
[White "Morkisz, Bogdan"]
[Black "Kowalski, Lukasz"]
[Result "1-0"]
[WhiteElo "2129"]
[BlackElo "2083"]
[PlyCount "97"]
[EventDate "2006.08.19"]
[EventType "swiss"]
[EventRounds "7"]
[EventCountry "POL"]
[SourceTitle "CBM 113 Extra"]
[Source "ChessBase"]
[SourceDate "2006.09.14"]
[SourceVersion "1"]
[SourceVersionDate "2006.09.14"]
[SourceQuality "1"]

1. e4 c5 2. Nc3 Nc6 3. g3 g6 4. Bg2 Bg7 5. d3 d6 6. Be3 e6 7. Qd2 Rb8 8. Nge2 Nd4 9. Nc1 b5 10. Nd1 b4 11. c3 bxc3 12. bxc3 Nc6 13. 0-0 Nge7 14. Bh6 0-0 15. Bxg7 Kxg7 16. Ne3 Qc7 17. Ne2 Ba6 18. f4 f5 19. g4 fxe4 20. dxe4 Qa5 21. Rae1 Qa3 22. Rf2 Rb2 23. Qxd6 Rd8 24. Qxe6 Bc8 25. Nc4 Rxe2 26. Rexe2 Qa6 27. Qxe7+ Nxe7 28. Ne3 Nc6 29. e5 Rd3 30. f5 Nxe5 31. f6+ Kf8 32. Nd5 Rd1+ 33. Bf1 Rxd5 34. Rxe5 Qd6 35. Re7 Bxg4 36. Rxa7 Bc8 37. Rxh7 Rg5+ 38. Bg2 Qd1+ 39. Rf1 Qe2 40. Rf2 Qe1+ 41. Rf1 Qe3+ 42. Kh1 Rh5 43. Rc7 Rxh2+ 44. Kxh2 Qe5+ 45. Kg1 Qxc7 46. a4 Be6 47. Rf3 Bd5 48. Rh3 Bxg2 49. Rh8+ 1-0

[Event "Polanica Zdroj op-A 42nd"]
[Site "Polanica Zdroj"]
[Date "2006.08.19"]
[Round "1"]
[White "Butkiewicz, Lukasz"]
[Black "Morkisz, Bogdan"]
[Result "1-0"]
[WhiteElo "2260"]
[BlackElo "2129"]
[PlyCount "105"]
[EventDate "2006.08.19"]
[EventType "swiss"]
[EventRounds "7"]
[EventCountry "POL"]
[SourceTitle "CBM 113 Extra"]
[Source "ChessBase"]
[SourceDate "2006.09.14"]
[SourceVersion "1"]
[SourceVersionDate "2006.09.14"]
[SourceQuality "1"]

1. e4 e6 2. d4 d5 3. Nc3 Bb4 4. e5 Qd7 5. a3 Bxc3+ 6. bxc3 b6 7. f4 Ba6 8. Bxa6 Nxa6 9. Qd3 Nb8 10. Nf3 Ne7 11. 0-0 Nbc6 12. a4 Na5 13. Ba3 g6 14. Nd2 Nec6 15. Qg3 0-0-0 16. Qd3 Kb7 17. Rfb1 Kc8 18. Bb4 Nxb4 19. cxb4 Nc4 20. c3 Nxd2 21. Qxd2 a6 22. b5 a5 23. Rc1 Kb8 24. Qd3 Rc8 25. Rc2 h5 26. Rac1 Rhd8 27. g3 Qe7 28. c4 dxc4 29. Rxc4 Rd5 30. Qc3 Qd7 31. Kf2 Kb7 32. Ke3 Kb8 33. Rc6 Kb7 34. h3 Kb8 35. Qd3 Qe7 36. R1c4 Kb7 37. Qc3 Qd7 38. Kd3 Kb8 39. Kc2 Kb7 40. Kb2 Kb8 41. g4 hxg4 42. hxg4 Kb7 43. Qf3 Kb8 44. Qe4 Rd8 45. Rxc7 Qxc7 46. Rxc7 Kxc7 47. Qc2+ Kb8 48. Qc6 Rxd4 49. Qxb6+ Kc8 50. Qxa5 R8d5 51. Qa6+ Kd7 52. b6 Rxf4 53. Qa7+ 1-0